| 000 | 00566nam a22001937a 4500 | ||
|---|---|---|---|
| 005 | 20251108175256.0 | ||
| 008 | 250721s2013 xx 000 0 ara d | ||
| 082 | 1 | 4 | _aم/135.03/موس |
| 100 | 1 |
_aسعد، طه عبد الرؤوف _eحقق |
|
| 245 | 1 | 0 | _aموسوعة تفسير الأحلام / |
| 264 |
_bمكتبة الصفا للنشر و التوزيع، _c2013. |
||
| 300 | _a2ج | ||
| 650 | 1 | 7 | _aالموسوعات |
| 650 | 1 | 7 | _aالتفسير |
| 650 | 1 | 7 | _aالاحلام |
| 700 | 1 | _aابن سيرين، | |
| 942 |
_2ddc _cREF |
||
| 999 |
_c130301 _d130301 |
||